Chandigarh the City Beautiful (Record no. 5813)

000 -LEADER
fixed length control field 00273nam a2200109Ia 4500
008 - FIXED-LENGTH DATA ELEMENTS--GENERAL INFORMATION
fixed length control field 200302s9999 xx 000 0 und d
100 ## - MAIN ENTRY--PERSONAL NAME
Personal name Aditya Prakash & Other
245 ## - TITLE STATEMENT
Title Chandigarh the City Beautiful
260 ## - PUBLICATION, DISTRIBUTION, ETC.
Name of publisher, distributor, etc. Abhishek Publications
260 ## - PUBLICATION, DISTRIBUTION, ETC.
Date of publication, distribution, etc. 1999
300 ## - PHYSICAL DESCRIPTION
Extent 96 P.,
Holdings
Withdrawn status Lost status Damaged status Not for loan Permanent Location Current Location Date acquired Cost, normal purchase price Total Checkouts Full call number Barcode Date last seen Date last checked out Price effective from Koha item type
        BMS College of Architecture, Design and Planning BMS College of Architecture, Design and Planning 2020-03-03 1195.00 1 711.4095455 CL-PG63376 2021-10-11 2021-10-07 2020-03-03 PG Books from CL
Copyright © 2025, The Librarian, Library and Information Centre, BMSCA D&P, Bengaluru. All Rights Reserved
web counter

Powered by Koha